000 00566nam a2200217Ia 4500
003 OSt
005 20220928140616.0
006 a|||||r|||| 00| 0
007 ta
008 220927b |||||||| |||| 00| 0 eng d
024 _a9905
037 _cTextual
040 _aSDCL
_cSDCL
_beng
041 _2eng
_aeng
082 _aX:77.1(X) ' N7, M1
100 _aTodaro Michal P
_9496223
245 0 _aEconomic development in the third world
260 _c1981
942 _hX:77.1(X) ' N7, M1
_cTEXL
_2CC
999 _c812512
_d812512